书目信息 |
| 题名: |
罗振玉评传
|
|
| 作者: | 罗琨 , 张永山 著 | |
| 分册: | ||
| 出版信息: | 南昌 百花洲文艺出版社 1996.12 |
|
| 页数: | 220页 | |
| 开本: | 32开 | |
| 丛书名: | ||
| 单 册: | ||
| 中图分类: | K825.81 | |
| 科图分类: | ||
| 主题词: | 人物--传记--中国 | |
| 电子资源: | ||
| ISBN: | 7-80579-626-2 | |
| 000 | 00588nam0 2200205 45 | |
| 001 | 0102141439 | |
| 005 | 20010214144602.5 | |
| 010 | @a7-80579-626-2@d15.00元 | |
| 100 | @a20010214d1996 km y0chiy0120 ea | |
| 101 | 0 | @achi |
| 105 | @a z 000yy | |
| 200 | 1 | @a罗振玉评传@ALuo Zhen Yu Ping Chuan@f罗琨,张永山著@FLuo Kun,Zhang Yong Shan Zhu |
| 210 | @a南昌@c百花洲文艺出版社@d1996.12 | |
| 215 | @a220页@d32开 | |
| 606 | 0 | @a人物@x传记@x中国 |
| 690 | @aK825.81@v3 | |
| 701 | 0 | @a罗琨@4著 |
| 701 | 0 | @a张永山@4著 |
| 801 | @aCN@bPftUser@c20010214 | |
| 905 | @b322125-134@dK825.81@eL.708@f10 | |
| 罗振玉评传/罗琨,张永山著.-南昌:百花洲文艺出版社,1996.12 |
| 220页;32开 |
| ISBN 7-80579-626-2:15.00元 |
| ● |
| 相关链接 |
|
|
|
正题名:罗振玉评传
索取号:K825.81/L.708
 
预约/预借
| 序号 | 登录号 | 条形码 | 馆藏地/架位号 | 状态 | 备注 |
| 1 | 322125 | 203221254 | 自科二线404/309社科库 55排2列2层/ [索取号:K825.81/L.708] | 在馆 | |
| 2 | 322126 | 203221263 | 自科二线404/309社科库 55排2列2层/ [索取号:K825.81/L.708] | 在馆 | |
| 3 | 322127 | 203221272 | 社科库309/309社科库 55排2列2层/ [索取号:K825.81/L.708] | 在馆 | |
| 4 | 322128 | 203221281 | 自科二线404/309社科库 55排2列2层/ [索取号:K825.81/L.708] | 在馆 | |
| 5 | 322129 | 203221290 | 自科二线404/309社科库 55排2列2层/ [索取号:K825.81/L.708] | 在馆 | |
| 6 | 322130 | 203221307 | 社科库309/309社科库 55排2列2层/ [索取号:K825.81/L.708] | 在馆 | |
| 7 | 322131 | 203221316 | 自科二线404/309社科库 55排2列2层/ [索取号:K825.81/L.708] | 在馆 | |
| 8 | 322132 | 203221325 | 自科二线404/309社科库 55排2列2层/ [索取号:K825.81/L.708] | 在馆 | |
| 9 | 322133 | 203221334 | 自科二线404/309社科库 55排2列2层/ [索取号:K825.81/L.708] | 在馆 | |
| 10 | 322134 | 203221343 | 自科二线404/309社科库 55排2列2层/ [索取号:K825.81/L.708] | 在馆 |